Una palabra cómplice : encuentro con Gabriela Mistral.
Збережено в:
| Формат: | Невідомо |
|---|---|
| Опубліковано: |
Santiago, Chile :
ISIS Internacional,
1989.
|
| Серія: | (Colección Ediciones de las Mujeres ;
número 12) |
| Предмети: | |
| Теги: |
Додати тег
Немає тегів, Будьте першим, хто поставить тег для цього запису!
|
MARC
| LEADER | 000000000a22000000004500 | ||
|---|---|---|---|
| 001 | 002823 | ||
| 082 | 0 | 4 | |a Ch861.4D |b P153p |
| 245 | 0 | 4 | |a Una palabra cómplice : |b encuentro con Gabriela Mistral. |
| 260 | 1 | |a Santiago, Chile : |b ISIS Internacional, |c 1989. | |
| 300 | |a 110 páginas : |b retratos | ||
| 490 | 1 | |a (Colección Ediciones de las Mujeres ; |v número 12) | |
| 650 | 4 | |a MISTRAL, GABRIELA (SEUD.), 1889-1957 | |
| 650 | 4 | |a GODOY ALCAYA, LUCILA, 1889-1957 | |
| 650 | 4 | |a CRITICA E INTERPRETACION | |
| 999 | |c 9176 |d 9176 | ||
| 942 | |c BK |h Ch861.4D P153p |2 z | ||
